000
003220000a22001450004500
001
005041
003
MACL
040
_a
MACL
090
_c
17034
_d
17033
245
_a
Jalsa Ahbaab e Shamla
_b
Gohar Zahoor Ul Islam
260
_a
Mayur Press Delhi,
_c
1893
350
_a
0.37
650
_a
Urdu Literature
942
_k
891
_c
Book
999
_c
16924
_d
16924